| 000 | 00589nam a22001937a 4500 | ||
|---|---|---|---|
| 999 |
_c184353 _d184353 |
||
| 005 | 20220311171911.0 | ||
| 010 | _aENG-131232 | ||
| 020 |
_a978-93-90555-81-9 _c769.00 |
||
| 035 | _aEN-114764 | ||
| 037 | _bDBAD | ||
| 082 | _a516.16 | ||
| 100 | _aTewani, G. | ||
| 245 |
_aCoordinate Geometry for JEE (Advanced)/ _cG. Tewani |
||
| 250 | _a3rd Edition | ||
| 260 |
_aDelhi _bCengage Learning India Pvt. Ltd _c2021 |
||
| 270 |
_bDelhi _aT-303, 3rd Floor, DAV Complex, Plot 3 Mayur Vihar, Phase 1 _e110091 |
||
| 300 |
_a556p. _c28cm(pbk) |
||
| 942 |
_2ddc _cEN _h516.16 _mTEW |
||